Normal view
MARC view
Entry Topical Term
001 - CONTROL NUMBER
- control field: 17997
003 - CONTROL NUMBER IDENTIFIER
- control field: HDC
005 - DATE AND TIME OF LATEST TRANSACTION
- control field: 20230624073525.0
008 - FIXED-LENGTH DATA ELEMENTS
- fixed length control field: 210302|| aca||aabn | a|a d
040 ## - CATALOGING SOURCE
- Original cataloging agency: HDC
- Transcribing agency: HDC
150 ## - HEADING--TOPICAL TERM
- Topical term or geographic name entry element: E-marketplace
670 ## - SOURCE DATA FOUND
- Source citation: Work cat.: (HDC): Chia, Yan Min, author 17996, HALAL E-MARKETPLACE TO LAUNCH BY YEAR-END /, 2016
